000
00318nam a22001457a 4500
003
SGT
020
_a
9789354791826
082
_a
302.GRU
100
_a
Gruman, Jamie A.
245
_a
Applied Social Psychology
260
_a
NEW DELHI
_b
SAGE PUB.
_c
2024
300
_a
508
650
_a
PSYCHOLOGY
942
_2
ddc
_c
BK
_0
2
999
_c
26677
_d
26677